Statistiques concernant Les grades de l'armée de terre française

Cliquez ici pour prendre le quiz!

Statistiques générales

  • Ce quiz a été pris 223 fois
  • Le résultat moyen est 11 sur 19

Statistiques - réponses

Réponse% Correct
Sergent
87%
Caporal/Brigadier
85%
Lieutenant
81%
Colonel
76%
Capitaine
74%
Sergent-chef
74%
Caporal-chef/Brigadier-chef
66%
Adjudant
63%
Commandant/Chef de bataillon/Chef d'escadron
63%
Major
63%
Sous-lieutenant
57%
Adjudant-chef
56%
Lieutenant-colonel
56%
Général de brigade
44%
Général d'armée
43%
Aspirant
42%
Général de division
38%
Général de corps d'armée
33%
Maréchal de France
17%

Distribution des résultats

Percentile par nombre de réponses

% des personnes avec chaque résultat

Votre développement - résultats

Vous n’avez pas pris ce quiz